Trois petites liturgies de la présence divine Cinq rechants pour 12 voice mixtes /

Hlavní autor: Messiaen, Olivier, 1908-1992
Korporativní autor: Bambini di Praga (pěvecký sbor)
Další autoři: Kulínská, Blanka, 1935-2022, Kulínský, Bohumil, 1959-2018, Kühn, Pavel, 1938-2003, Loriod, Jeanne, 1928-2001, Loriod, Yvonne, 1924-2010, Kühnovi komorní sólisté (pěvecký sbor), Symfonický orchestr hl. m. Prahy FOK, Kühnův ženský sbor
Jazyk: Čeština
Vydáno: Praha : Supraphon, p1991
Témata:
Fyzický popis: 1 CD : stereo, DDD ; 12 cm + 1 brožura [24 s.].
Zvukové nahrávky
Uloženo v:
LEADER 02264njm a2200493 a 4500
001 000265964
003 CZ BrMZK
005 20140923140414.0
008 010907s1991 xr f cze d
028 0 3 |a 11 0404-2 231  |b Supraphon 
040 |a BOA001  |b cze 
080 |a 78"19"(086.7)  |2 MRF 
080 |a 784.1.087.681(086.7)  |2 MRF 
080 |a 784.1.087.684(086.7)  |2 MRF 
100 1 |a Messiaen, Olivier,  |d 1908-1992  |7 jn20000604002  |4 cmp 
245 1 0 |a Trois petites liturgies de la présence divine  |h [zvukový záznam] ;  |b Cinq rechants pour 12 voice mixtes /  |c Olivier Messiaen. 
246 3 2 |a Pět refrénů pro 12 smíšených hlasů 
246 3 2 |a Tři malé liturgie o boží přítomnosti 
246 3 |a 3 malé liturgie o boží přítomnosti 
246 3 |a 5 refrénů pro 12 smíšených hlasů 
260 |a Praha :  |b Supraphon,  |c p1991 
300 |a 1 CD :  |b stereo, DDD ;  |c 12 cm +  |e 1 brožura [24 s.]. 
306 |a 005437 
500 |a Nahr. 1989 
500 |a Durata 54:37 
500 |a Text v brož. a texty skladeb v brož. vícejaz. 
511 0 |a Jeann Loriod, Martenovy vlny; Yvonne Loriod, klavír. Bambini di Praga, sbm. Blanka Kulínská; Ženský sbor Pavla Kühna, sbm. Pavel Kühn; Symfonický orchestr hl.m. Prahy FOK, dir. Bohumil Kulínský. 
653 0 |a dětské sbory  |a smíšené sbory  |a ženské sbory 
700 1 |a Kulínská, Blanka,  |d 1935-2022  |7 jn20000710371  |4 cnd 
700 1 |a Kulínský, Bohumil,  |d 1959-2018  |7 jo19990049041  |4 cnd 
700 1 |a Kühn, Pavel,  |d 1938-2003  |7 jn19990009906  |4 cnd 
700 1 |a Loriod, Jeanne,  |d 1928-2001  |7 pna2006338163  |4 prf 
700 1 |a Loriod, Yvonne,  |d 1924-2010  |7 pna2006338164  |4 prf 
710 2 |a Bambini di Praga (pěvecký sbor)  |7 kn20010710113  |4 prf 
710 2 |a Kühnovi komorní sólisté (pěvecký sbor)  |7 ko2010597264  |4 prf 
710 2 |a Symfonický orchestr hl. m. Prahy FOK  |7 kn20010710320 
710 2 |a Kühnův ženský sbor  |7 ko2003164874 
740 0 2 |a Cinq rechants pour 12 voice mixtes 
910 |a BOA001  |b CD-0001.085 
964 |a Sbory dětské s doprovodem  |x CD 
964 |a Sbory smíšené a cappella  |x CD 
964 |a Hudba  |z stol.20.,pol.2.  |x CD 
990 |a AV 
996 6 |b 261H001110  |c CD-0001.085  |l MZK  |r Sklad / do 24 hodin  |n 0  |w 000265964  |u 000010  |a 1  |e BOA001  |j MZK50  |s P